Normal view
MARC view
- Francés
Entry Materia
001 - NÚMERO DE CONTROL DEL REGISTRO
- campo de control: 52315
003 - IDENTIFICADOR DE NUMERO DE CONTROL
- campo de control: MX-MxUPN
005 - FECHA Y HORA DE LA ÚLTIMA TRANSACCIÓN
- campo de control: 20240611120120.0
008 - DATOS DE LONGITUD FIJA
- campo de control de longitud fija: 240611|| acn||babn | a|a d
040 ## - FUENTE DE LA CATALOGACIÓN
- Centro catalogador de origen: MX-MxUPN
- Lengua de catalogación: spa
150 ## - ENCABEZAMIENTO - TEMÁTICO
- Término de materia o nombre geográfico como elemento inicial: Francés
- Subdivisión de forma: Libros de texto
670 ## - FUENTE EN LA QUE SE LOCALIZARON DATOS
- Cita de la fuente: Autoridades BGTQ, 11 junio 2024 :
- Información localizada: (Francés -- Libros de texto)
902 ## - CATALOGADOR
- Catalogador: MaríaRobles/110624
